<?xml version="1.0" encoding="UTF-8"?><?xml-stylesheet type="text/xsl" href="static/style.xsl"?><OAI-PMH xmlns="http://www.openarchives.org/OAI/2.0/" xmlns:xsi="http://www.w3.org/2001/XMLSchema-instance" xsi:schemaLocation="http://www.openarchives.org/OAI/2.0/ http://www.openarchives.org/OAI/2.0/OAI-PMH.xsd"><responseDate>2026-04-17T01:41:16Z</responseDate><request verb="GetRecord" identifier="oai:www.recercat.cat:2445/23709" metadataPrefix="marc">https://recercat.cat/oai/request</request><GetRecord><record><header><identifier>oai:recercat.cat:2445/23709</identifier><datestamp>2025-12-05T10:38:29Z</datestamp><setSpec>com_2072_1057</setSpec><setSpec>col_2072_478917</setSpec><setSpec>col_2072_478935</setSpec></header><metadata><record xmlns="http://www.loc.gov/MARC21/slim" xmlns:dcterms="http://purl.org/dc/terms/" xmlns:xsi="http://www.w3.org/2001/XMLSchema-instance" xmlns:doc="http://www.lyncode.com/xoai" xsi:schemaLocation="http://www.loc.gov/MARC21/slim http://www.loc.gov/standards/marcxml/schema/MARC21slim.xsd">
   <leader>00925njm 22002777a 4500</leader>
   <datafield ind2=" " ind1=" " tag="042">
      <subfield code="a">dc</subfield>
   </datafield>
   <datafield ind2=" " ind1=" " tag="720">
      <subfield code="a">Aguilar, Salvador</subfield>
      <subfield code="e">author</subfield>
   </datafield>
   <datafield ind2=" " ind1=" " tag="260">
      <subfield code="c">2012-04-13T10:32:49Z</subfield>
   </datafield>
   <datafield ind2=" " ind1=" " tag="260">
      <subfield code="c">2012-04-13T10:32:49Z</subfield>
   </datafield>
   <datafield ind2=" " ind1=" " tag="260">
      <subfield code="c">1985</subfield>
   </datafield>
   <datafield ind2=" " ind1=" " tag="520">
      <subfield code="a">El objeto de este trabajo es el asociacionismo empresg~ial, proceso&#xd;
de interacción que se materializa en un conjunt0 de instituciones que&#xd;
denominaremos Organiraciótz Patronal (OP). Es pertinente hacer notar&#xd;
que esta entidad OP presenta sociológicamente dos caras. De un lado,&#xd;
constituye una red institucional que adquiere --o puede adquirir- una&#xd;
dinámica propia: diferentes estudios sobre el tema muestran precisamente&#xd;
que una de las condiciones para el funcionamiento satisfactori0 de toda&#xd;
organización patronal es una relativa -pero definida- independización&#xd;
I respecto de 10s miembros a quienes esta representa? Por otro lado, la&#xd;
OP es, sociológicamente, un indicador para la c1ase y, específicamente, por&#xd;
10 que se refiere al sector empresariado. Como tal indicador, est6 sujeto&#xd;
a las mismas ventajas e inconvenientes que cuafquier otro indicador en la...</subfield>
   </datafield>
   <datafield tag="653" ind2=" " ind1=" ">
      <subfield code="a">Associacions patronals</subfield>
   </datafield>
   <datafield tag="653" ind2=" " ind1=" ">
      <subfield code="a">Transició democràtica espanyola, 1975-1982</subfield>
   </datafield>
   <datafield tag="653" ind2=" " ind1=" ">
      <subfield code="a">Employers' associations</subfield>
   </datafield>
   <datafield tag="653" ind2=" " ind1=" ">
      <subfield code="a">Spanish transition to democracy, 1975-1982</subfield>
   </datafield>
   <datafield ind2="0" ind1="0" tag="245">
      <subfield code="a">El asociacionismo empresarial en la transición postfranquista</subfield>
   </datafield>
</record></metadata></record></GetRecord></OAI-PMH>